书目信息 |
| 题名: |
肽类激素生物合成
|
|
| 作者: | Martini , 马尔蒂尼Luciano Martini 著 | |
| 分册: | ||
| 出版信息: | 北京 科学出版社 2008.04 |
|
| 页数: | 409页 | |
| 开本: | 26cm | |
| 丛书名: | 内分泌疾病百科全书 | |
| 单 册: | ||
| 中图分类: | Q57 | |
| 科图分类: | ||
| 主题词: | 肽--tai--激素--生物合成--英文 | |
| 电子资源: | ||
| ISBN: | 978-7-03-020935-1 | |
| 000 | 01126nam 2200277 450 | |
| 001 | 191000014297 | |
| 005 | 20080918094156.00 | |
| 010 | @a978-7-03-020935-1@b精装@dCNY108.00 | |
| 100 | @a20080408d2008 em y0chiy0121 ea | |
| 101 | 0 | @achi@ceng |
| 102 | @aCN@b110000 | |
| 105 | @aa z 000yy | |
| 200 | 1 | @a肽类激素生物合成@Atai lei ji su sheng wu he cheng@d= Peptide hormone biosynthesis@f(意)马尔蒂尼Luciano Martini[著]@F(yi)ma er di ni Luciano Martini[zhu]@zeng |
| 210 | @a北京@c科学出版社@d2008.04 | |
| 215 | @a409页@c图@d26cm | |
| 225 | 2 | @a内分泌疾病百科全书@Anei fen mi ji bing bai ke quan shu@v10 |
| 330 | @a全书囊括了近500个内分泌疾病方面的词条,分为15大主题分别为肾上腺皮质、钙、比较内分泌学、糖尿病、衰老内分泌学、女性生殖、胃肠激素、高血压、脂类代谢和动脉等。 | |
| 410 | 0 | @12001 @a内分泌疾病百科全书@v10 |
| 510 | 1 | @aPeptide hormone biosynthesis@zeng |
| 606 | 0 | @a肽@Atai@x激素@x生物合成@j英文 |
| 690 | @aQ57@v4 | |
| 701 | 1 | @aMartini@bL.@g(Martini, Luciano)@4著 |
| 701 | 0 | @a马尔蒂尼Luciano Martini@Ama er di ni Luciano Martini@4著 |
| 801 | 0 | @aCN@c20080918 |
| 905 | @dQ57@eM041 | |
| 999 | @aCYP | |
| 肽类激素生物合成= Peptide hormone biosynthesis/(意)马尔蒂尼Luciano Martini[著].-北京:科学出版社,2008.04 |
| 409页:图;26cm.-(内分泌疾病百科全书;10) |
| ISBN 978-7-03-020935-1(精装):CNY108.00 |
| 全书囊括了近500个内分泌疾病方面的词条,分为15大主题分别为肾上腺皮质、钙、比较内分泌学、糖尿病、衰老内分泌学、女性生殖、胃肠激素、高血压、脂类代谢和动脉等。 |
| ● |
| 相关链接 |
|
|
|
正题名:肽类激素生物合成
索取号:Q57/M041
 
预约/预借
| 序号 | 登录号 | 条形码 | 馆藏地/架位号 | 状态 | 备注 |
| 1 | 678018 | 206780189 | 自科库401/401自科库 30排2列2层/ [索取号:Q57/M041] | 在馆 | |
| 2 | 678019 | 206780198 | 自科库401/401自科库 30排2列2层/ [索取号:Q57/M041] | 在馆 | |
| 3 | 678020 | 206780205 | 自科库401/401自科库 30排2列2层/ [索取号:Q57/M041] | 在馆 |